Visva-Bharati/ (Record no. 174473)

MARC details
000 -LEADER
fixed length control field 00528nam a22001817a 4500
005 - DATE AND TIME OF LATEST TRANSACTION
control field 20200618120408.0
010 ## - LCCN (DPL NO)
LC control number ENG-128209
020 ## - INTERNATIONAL STANDARD BOOK NUMBER
Terms of availability 350.00
035 ## - SYSTEM CONTROL NUMBER
System control number EN-111741
037 ## - SOURCE OF ACQUISITION
Source of stock number/acquisition DBAD/PUB
082 ## - DEWEY DECIMAL CLASSIFICATION NUMBER
Classification number 350.00
100 ## - MAIN ENTRY--PERSONAL NAME
Personal name Sinha,Dilipkumar
245 ## - TITLE STATEMENT
Title Visva-Bharati/
Statement of responsibility, etc by Dilipkumar Sinha
Remainder of title an odyssey in Parliament Mode:
260 ## - PUBLICATION, DISTRIBUTION, ETC. (IMPRINT)
Place of publication, distribution, etc Kolkata
Name of publisher, distributor, etc Visva-Bharati
Date of publication, distribution, etc 2018
270 ## - ADDRESS
Address 6 Acharya Jagadish Chandra Bose road
City Kolkata
Postal code 700017
300 ## - PHYSICAL DESCRIPTION
Extent 135p.
Dimensions 18cm(pbk)
942 ## - ADDED ENTRY ELEMENTS (KOHA)
Source of classification or shelving scheme Dewey Decimal Classification
Item type English Books
Classification part 378.54
Holdings
Withdrawn status Lost status Not for loan Collection code Home library Current library Date acquired Source of acquisition Cost, normal purchase price Full call number Barcode Copy number Cost, replacement price Koha item type
      Non-fiction Ashok Vihar Ashok Vihar 18/06/2020 DBAD/PUB 350.00 378.54 SIN EN-111741 1 350.00 English Books

© Delhi Public Library
Hit Counter
free hit counter